| 000 | 02593nam0a2200385 4500 | ||
|---|---|---|---|
| 001 | RU\NLR\BIBL_A\022734242 | ||
| 005 | 20260426080649.0 | ||
| 010 |
_a978-5-7924-2219-3 _944 |
||
| 021 |
_aRU _bКН-П-25-081801 _9КН-П-25-7921 |
||
| 035 | _a(NLR Aleph) 022734242 | ||
| 090 |
_a13696843 _c13696843 |
||
| 100 | _a20260220d2025 k y0rusy50 ca | ||
| 101 | 0 | _arus | |
| 102 | _aRU | ||
| 105 | _ay 7 000zy | ||
| 181 | 0 |
_ai4 _baxxe |
|
| 182 | 0 | _an | |
| 200 | 1 |
_aЮридический перевод: теория и практика преподавания _eмонография _fканд. филол. наук, доцент Т. А. Александрова, канд. пед. наук, доцент Е. А. Богачева, канд. филол. наук, доцент Е. В. Волгина [и др.] _gпод редакцией доктора филологических наук, профессора С. П. Хижняка _gМинистерство науки и высшего образования Российской Федерации, Федеральное государственное бюджетное образовательное учреждение высшего образования "Саратовская государственная юридическая академия" |
|
| 203 |
_aТекст _bвизуальный _cнепосредственный |
||
| 210 |
_aСаратов _cИздательство Саратовской государственной юридической академии _d2025 |
||
| 215 |
_a155 с. _d21 |
||
| 300 | _aАвт. указаны на обороте тит. с. | ||
| 320 | _aБиблиогр.: с. 141-155 | ||
| 606 | 1 |
_aАнглийский язык _xПеревод юридический _92609637 _3RU\NLR\AUTH\661546195 |
|
| 686 | 1 | _aШ143.21-77 | |
| 701 | 1 |
_7ca _8rus _aАлександрова _bТ. А. _cканд. филол. наук, англ. язык _gТатьяна Анатольевна _981131 _3RU\NLR\AUTH\7798205 |
|
| 701 | 1 |
_aБогачева _bЕ. А. _gЕкатерина Александровна |
|
| 701 | 1 |
_aВолгина _bЕ. В. _gЕлена Валерьевна _4340 |
|
| 702 | 1 |
_7ca _8rus _aХижняк _bС.П. _gСергей Петрович _9111443 _3RU\NLR\AUTH\771418 |
|
| 712 | 0 | 2 |
_4475 _aСаратовская государственная юридическая академия _9292022 _3RU\NLR\AUTH\8810201934 |
| 942 | _cBOOK | ||
| 980 | _aNB | ||